000 01003cad a22002535a 4500
001 E149264
008 100215s2010 xxk f s000 0 eng d
035 _a(Sirsi) u149265
041 0 _aeng
110 2 _aScotland
_kLaws, etc
245 0 4 _aThe Building (Scotland) Amendment Regulations 2010
_h[electronic resource]
260 _aEdinburgh
_bScottish Government
_c2010
490 0 _aScottish Statutory Instrument
_v2010: 32
520 _aAmend the Building (Scotland) Regulations 2004 in relation to Schedules 3, 5 and 6 to the principal Regulations.
520 _aComes into force 1 October 2010.
521 _aAdvanced
590 _aKA
650 2 4 _aBUILDING (SCOTLAND) REGULATIONS 2004
650 2 4 _aBUILDING (SCOTLAND) AMENDMENT REGULATIONS 2010
651 4 _aScotland
_y1999-
690 _aBuilding regulations
_96224
856 4 0 _uhttps://www.opsi.gov.uk/legislation/scotland/ssi2010/ssi_20100032_en_1
_zView the statutory instrument free of charge at www.opsi.gov.uk...
942 _n0
999 _c110445
_d110445